Quality of education in Urdu medium elementary schools : (Record no. 128083)

MARC details
000 -LEADER
fixed length control field 00751nam a22002297a 4500
005 - DATE AND TIME OF LATEST TRANSACTION
control field 20170124110034.0
010 ## - LIBRARY OF CONGRESS CONTROL NUMBER
LC control number B-058620
020 ## - INTERNATIONAL STANDARD BOOK NUMBER
Terms of availability 250.00
International Standard Book Number 8173411867
035 ## - SYSTEM CONTROL NUMBER
System control number B-058620
037 ## - SOURCE OF ACQUISITION
Source of stock number/acquisition Cen Lib/Ret
040 ## - CATALOGING SOURCE
Original cataloging agency DPL
Language of cataloging EN
082 ## - DEWEY DECIMAL CLASSIFICATION NUMBER
Classification number 372.0114
Item number RUH
100 ## - MAIN ENTRY--PERSONAL NAME
Personal name Ruhela, S. P.
9 (RLIN) 10284
245 ## - TITLE STATEMENT
Title Quality of education in Urdu medium elementary schools :
Statement of responsibility, etc by S. P. Ruhela
Remainder of title a sociological investigation /
260 ## - PUBLICATION, DISTRIBUTION, ETC. (IMPRINT)
Place of publication, distribution, etc Delhi
Name of publisher, distributor, etc Indian Publishers
Date of publication, distribution, etc 2001
270 ## - ADDRESS
Address 156-D, Kamla Nagar
City Delhi
Postal code 110007
300 ## - PHYSICAL DESCRIPTION
Extent 175p.
Dimensions 22cm(Hb)
500 ## - GENERAL NOTE
General note Includes bibliography
650 ## - SUBJECT ADDED ENTRY--TOPICAL TERM
Topical term or geographic name as entry element Native language and education
9 (RLIN) 101830
650 ## - SUBJECT ADDED ENTRY--TOPICAL TERM
Topical term or geographic name as entry element Urdu language--Study and teaching
9 (RLIN) 101831
942 ## - ADDED ENTRY ELEMENTS (KOHA)
Source of classification or shelving scheme Dewey Decimal Classification
Koha item type English Books
Classification part 372.0114
Call number suffix RUH
Holdings
Withdrawn status Lost status Damaged status Not for loan Home library Current library Date acquired Source of acquisition Cost, normal purchase price Total Checkouts Full call number Barcode Date last seen Date checked out Copy number Cost, replacement price Price effective from Koha item type Public note
Written off       Central Library Central Library 01/07/2015 Cen Lib/Ret 250.00 1 372.0114 RUH B-058620 01/09/2017 18/08/2017 1 250.00 01/07/2015 English Books Written off on approval by DLB (By Circulation); dtd 15-06-2023

© Delhi Public Library
Hit Counter
free hit counter